|
|
|
|
| LEADER |
00000nab a2200000 a 4500 |
| 001 |
vtls010739446 |
| 003 |
SK-MaSNL |
| 005 |
20260304185703.0 |
| 008 |
250709s2004 xo |||||||||||||||||slo| |
| 035 |
|
|
|a (urnnbn)urn:nbn:sk:snk:ar-a05pqn
|
| 035 |
|
|
|a (uuid)d75eaafb-1d77-4344-a8be-972ca9d21cf7
|
| 035 |
|
|
|a urn:nbn:sk:snk-ab405p
|
| 040 |
|
|
|a SNKBUCL
|b slo
|c SNKBUCL
|e AACR2
|
| 041 |
0 |
|
|a cze
|
| 044 |
|
|
|a xo
|c SK
|
| 100 |
1 |
|
|a Gumulec, Jaromír,
|d 1963-
|4 aut
|9 183033
|
| 245 |
1 |
0 |
|a POČÍTAČOVÝ PROGRAM "PROFYLAXE HLUBOKÉ ŽILNÍ TROMBÓZY A PLICNÍ EMBOLIZACE"
|c Jaromír Gumulec, Miroslav Penka, Martin Radina
|
| 700 |
1 |
|
|a Radina, Martin,
|d 1964-
|4 aut
|9 183032
|
| 700 |
1 |
|
|a Penka, Miroslav,
|d 1952-
|4 aut
|9 124958
|
| 773 |
0 |
|
|t Klinická farmakologie a farmacie
|g Roč. 18, č. 1 (2004), s. 56-[57]
|
| 850 |
|
|
|a Slovenská národná knižnica
|
| 852 |
|
|
|a Slovenská národná knižnica
|
| 954 |
|
|
|a odborná, vedecká literatúra cudzojazyčná (svetová)
|2 lita
|
| 958 |
|
|
|a article1
|
| 958 |
|
|
|a OND
|
| 958 |
|
|
|a EUIPO
|
| 999 |
|
|
|c 3045405
|d 3047335
|